Statistics for Obscure Disney Characters by Movie

Click here to take the quiz!

General Stats

  • This quiz has been taken 67 times
    (53 since last reset)
  • The average score is 11 of 25

Answer Stats

Name Hint Movie Title % Correct
Rakshaa motherly wolfThe Jungle Book
94%
Aquata, Andrina, Arista, Attina, Adella and AlanaprincessesThe Little Mermaid
79%
Sarafinaan indecisive lionThe Lion King
77%
Alan-a-Dalea whistling roosterRobin Hood
58%
Brunoa dreaming dogCinderella
52%
Billa lizard with a ladderAlice in Wonderland
50%
Sir Pellinorean old knightThe Sword in the Stone
50%
Buldaa busy-body trollFrozen
48%
Fifi (aka Marie or Babette)a flirtatious maidBeauty and the Beast
48%
Clopina street performerThe Hunchback of Notre Dame
48%
Razoula bullying guardAladdin
44%
Queen Leaha queenSleeping Beauty
44%
Ulfa silent ruffianTangled
44%
Archimedes Q. Portera little explorerTarzan
42%
Slightlya foxy boyPeter Pan
40%
Amphitryon and Alcmeneold farmersHercules
40%
Gideona dim-witted catPinnocchio
40%
Hayabusaa doll stealing falconMulan
38%
Wynchel and Duncanpolice officers who probably don't eat donutsWreck-it Ralph
33%
Creeperan excitable goblinThe Black Cauldron
29%
Bartholomewa drunk mouseThe Great Mouse Detective
29%
Rudyan apologetic old manThe Emperor's New Groove
29%
Stellaa pastry loving dogThe Princess and the Frog
29%
Wigginsan assistantPocahontas
27%
Tildaa short, chubby lady who likes to danceThe Adventures of Ichabod and Mr. Toad
21%

Score Distribution

Percentile by Number Answered

Percent of People with Each Score

Your Score History

You have not taken this quiz since the last reset